00511nam a2200157Ia 4500008004100000100001800041245012600059260001100185300002000196440004800216521001000264650003200274650001900306650001400325650001400339140626s9999 xx 000 0 und d aCades, James. aMitigating disruptive effects of interruptions through training: what needs to be practiced? /cJames Cades ... [et al.]. cc2011. a17 : 2, page 97 aJournal of Experimental Psycholgy : Applied aPSYCH aHuman-computer interaction. aInterruptions. aPractice. aTraining.